| 000 | 00867nam a22002417a 4500 | ||
|---|---|---|---|
| 999 |
_c330231 _d330231 |
||
| 003 | BLK | ||
| 005 | 20240522134809.0 | ||
| 008 | 190412b bu ||||| |||| 00| 0 bu d | ||
| 020 | _a9786192430047 | ||
| 040 | _aBLK | ||
| 041 |
_aBUL _cBUL |
||
| 080 |
_aТурска литература _b821.512.161 _z821.512.161-31 _x-31 |
||
| 100 |
_aЕрсин, Сайгън _eпърви автор _91299 |
||
| 139 |
_aЕрсин, Сайгън _bЕ 83 |
||
| 245 |
_aПадишахът на подправките _bРоман _cСайгън Ерсин; прев. от тур. Севжан Кендже |
||
| 260 |
_9209461 _aСофия _bПрозорец _c2019 |
||
| 300 |
_a368 с. _c21 см |
||
| 380 | _aX | ||
| 700 |
_91168 _aКендже, Севджан _eпрев. от тур. |
||
| 942 |
_cKNG _n0 _016 _s1 |
||
| 999 | _d330231 | ||
| 944 |
_k30530 _lМинев Младен |
||